|
|
|
|
| LEADER |
00000nam a2200000 a 4500 |
| 005 |
20120222124921.0 |
| 007 |
cr|||| |||| |
| 008 |
111219s2011 sp f b 000 0 spa c |
| 017 |
|
|
|a DL M. 5773-2011
|
| 020 |
|
|
|a 9788499821016
|
| 035 |
|
|
|a 5863
|
| 040 |
|
|
|d vLex
|
| 043 |
|
|
|a s-ag---
|
| 080 |
|
|
|a 341.48(82)
|
| 090 |
|
|
|c 3022
|d 3022
|
| 100 |
1 |
|
|a Martn̕ Perot, Pablo
|
| 245 |
1 |
0 |
|a Servir al estado de derecho
|h [Recurso electrn̤ico] :
|b persecucin̤ penal de delitos contra la humanidad en Argentina /
|c Pablo Martn̕ Perot
|
| 256 |
|
|
|a Servicio en ln̕ea
|
| 260 |
|
|
|a Madrid :
|b Dykinson,
|c DL 2011
|
| 300 |
|
|
|a 1 recurso electrn̤ico
|
| 500 |
|
|
|a I Premio Internacional Joaqun̕ Ruiz Gimňez
|
| 504 |
|
|
|a Bibliografa̕: p. 151-154
|
| 506 |
1 |
|
|a Contenido solo disponible en los productos indicados
|d vLex Global
|d vLex Global (Academic Edition, excluding Law Schools)
|d vLex Global (U.S. Academic Edition, Law Schools)
|d vLex Global (U.S. Academic Edition, excluding Law Schools)
|d vLex Global (Academic Edition, Law Schools)
|
| 650 |
0 |
4 |
|a Crm̕enes contra la humanidad
|
| 650 |
0 |
4 |
|a Estado de derecho
|z Argentina
|
| 650 |
0 |
4 |
|a Dictadura
|z Argentina
|y 1976-1983
|
| 651 |
0 |
4 |
|a Argentina
|x Historia
|y 1976-1983
|
| 740 |
0 |
|
|a vLex Libros (Servicio en ln̕ea)
|
| 856 |
4 |
0 |
|u http://vlex.com/source/servir-estado-derecho-persecucion-penal-delitos-contra-humanidad-argentina-5863
|z Acceso restringido
|
| 942 |
|
|
|c BOOK
|
| 999 |
0 |
|
|a Rule of law
|
| 999 |
0 |
|
|a Crimes against humanity
|